000 01022nam a2200277Ia 4500
003 OSt
005 20221005110844.0
006 a|||||r|||| 00| 0
007 ta
008 221004b |||||||| |||| 00| 0 hin d
020 _a9789387462489 (hbk)
_cINR 295.00
024 _a42177
037 _bBR/7267, 16/02/2019, Rajkamal Prakashan Pvt. Ltd.
_cTextual
040 _aCRL
_cCRL
_bhin
041 _2hin
_ahin
082 _aO152,3N25w, Q8
100 _aसोबती, कृष्णा, ले.
245 0 _aमार्फ़त दिल्ली
246 _aMārfa़t dillī
260 _aनई दिल्ली
_bराजकमल प्रकाशन भारत
_c2018
300 _a134पृ0
_ccm.
650 _a हिन्दी साहित्य
650 _aहिन्दी कहानी
942 _hO152,3N25w, Q8
_cTEXL
_2cc
999 _c1020087
_d1020087